000 00644nam a2200217Ii 4500
003 JO-AjNU
008 230605s9999||||xx |||||||||||||| ||und||
017 _a1975/5548
040 _aJO-AjNU
_bara
_erda
_cJO-AjNU
041 _aara
050 1 4 _aJF1358.A7.M2.1988
100 3 _aعساف ، محمود,
_eauthor
_941376
245 0 0 _aأصول الادارة
250 _a(د،ط)
264 3 1 _aالقاهرة : مكتب لطفى للآلات الكاتبة ، 1988
300 _a615ص
336 _atext
_btxt
_2rdacontent
337 _aunmediated
_bn
_2rdamedia
338 _avolume
_bnc
_2rdacarrier
650 4 _aالادارة
_941377
999 _aA17636
_c21204
_d21204